Chargement en cours...
Media analysis techniques /
| Auteur principal: | |
|---|---|
| Format: | Printed Book |
| Publié: |
Thousand Oaks, Calif. :
Sage,
c2005.
|
| Édition: | 3rd ed. |
| Sujets: | |
| Accès en ligne: | Table of contents only Publisher description |
| LEADER | 01097cam a2200253 a 4500 | ||
|---|---|---|---|
| 010 | |a 2004007522 | ||
| 020 | |a 1412906830 (alk. paper) | ||
| 042 | |a pcc | ||
| 082 | 0 | 0 | |a 302.23/01 |2 22 |
| 100 | 1 | |a Berger, Arthur Asa, | |
| 245 | 1 | 0 | |a Media analysis techniques / |c Arthur Asa Berger. |
| 250 | |a 3rd ed. | ||
| 260 | |a Thousand Oaks, Calif. : |b Sage, |c c2005. | ||
| 300 | |a xv, 244 p. : |b ill. ; |c 23 cm. | ||
| 650 | 0 | |a Mass media | |
| 650 | 0 | |a Mass media criticism. | |
| 942 | |2 ddc |c BK | ||
| 504 | |a Includes bibliographical references (p. 233-236) and indexes. | ||
| 856 | 4 | 1 | |3 Table of contents only |u http://www.loc.gov/catdir/toc/ecip0416/2004007522.html |
| 856 | 4 | 2 | |3 Publisher description |u http://www.loc.gov/catdir/enhancements/fy0658/2004007522-d.html |
| 906 | |a 7 |b cbc |c orignew |d 1 |e ecip |f 20 |g y-gencatlg | ||
| 955 | |a lg14 2004-03-30 |i lg14 2004-03-30; |a aa15 2004-04-01 |a ps14 2004-08-25 1 copy rec'd., to CIP ver. | ||
| 999 | |c 149789 |d 149789 | ||
| 952 | |0 0 |1 0 |4 0 |6 302_230100000000000_BER_M |7 0 |9 160073 |a MCJ |b MCJ |c REF |d 2012-04-25 |i 2109 |l 3 |o 302.2301 BER/M |p MCJ2109 |r 2017-10-05 |s 2017-09-26 |w 2014-06-21 |y REF | ||